All Country Flags by Initial Letter - Sudden Death - Statistics

General Stats
  • This quiz has been taken 2,081 times
  • The average score is 24 of 196
Answer Stats
Picture Answer % Correct
Iceland
16%
South Africa
16%
Germany
15%
India
15%
Ivory Coast
15%
Niger
15%
North Korea
15%
North Macedonia
15%
Norway
15%
Paraguay
15%
Philippines
15%
Portugal
15%
Saudi Arabia
15%
South Korea
15%
Sri Lanka
15%
Tonga
15%
Uganda
15%
Albania
14%
Antigua and Barbuda
14%
Belgium
14%
Bhutan
14%
Bosnia and Herzegovina
14%
Cambodia
14%
Canada
14%
Dominican Republic
14%
Ecuador
14%
Finland
14%
France
14%
Haiti
14%
Israel
14%
Japan
14%
Kosovo
14%
Lebanon
14%
Malaysia
14%
Malta
14%
Morocco
14%
Nepal
14%
Panama
14%
Papua New Guinea
14%
Russia
14%
South Sudan
14%
Sweden
14%
Ukraine
14%
United Kingdom
14%
United States
14%
Yemen
14%
Angola
13%
Argentina
13%
Bahamas
13%
Barbados
13%
Belize
13%
Brazil
13%
Burundi
13%
Chile
13%
China
13%
Comoros
13%
Czech Republic
13%
Dominica
13%
Egypt
13%
Estonia
13%
Ethiopia
13%
Ireland
13%
Jordan
13%
Kazakhstan
13%
Kenya
13%
Laos
13%
Mauritania
13%
Mozambique
13%
Myanmar
13%
Namibia
13%
Nigeria
13%
Oman
13%
Poland
13%
Samoa
13%
Sao Tome and Principe
13%
Serbia
13%
Seychelles
13%
Singapore
13%
Slovakia
13%
Somalia
13%
Spain
13%
Togo
13%
Tuvalu
13%
Uzbekistan
13%
Vietnam
13%
Afghanistan
12%
Australia
12%
Austria
12%
Azerbaijan
12%
Bahrain
12%
Cape Verde
12%
Central African Republic
12%
Colombia
12%
Croatia
12%
Cyprus
12%
Eritrea
12%
Eswatini
12%
Fiji
12%
Georgia
12%
Greece
12%
Iraq
12%
Italy
12%
Latvia
12%
Lesotho
12%
Liberia
12%
Liechtenstein
12%
Luxembourg
12%
Madagascar
12%
Malawi
12%
Maldives
12%
Mauritius
12%
Mexico
12%
Montenegro
12%
New Zealand
12%
Pakistan
12%
Palau
12%
Peru
12%
Romania
12%
Slovenia
12%
Solomon Islands
12%
St. Lucia
12%
Tajikistan
12%
Thailand
12%
Trinidad and Tobago
12%
Tunisia
12%
Turkey
12%
Uruguay
12%
Vatican City
12%
Zambia
12%
Belarus
11%
Bolivia
11%
Botswana
11%
Burkina Faso
11%
Chad
11%
Cuba
11%
Denmark
11%
Djibouti
11%
D. R. Congo
11%
East Timor
11%
F. S. Micronesia
11%
Gabon
11%
Grenada
11%
Iran
11%
Jamaica
11%
Kuwait
11%
Kyrgyzstan
11%
Netherlands
11%
Qatar
11%
San Marino
11%
Senegal
11%
Sierra Leone
11%
Switzerland
11%
Taiwan
11%
Tanzania
11%
Turkmenistan
11%
Vanuatu
11%
Venezuela
11%
Zimbabwe
11%
Algeria
10%
Andorra
10%
Bangladesh
10%
Bulgaria
10%
Costa Rica
10%
Ghana
10%
Guinea-Bissau
10%
Honduras
10%
Hungary
10%
Kiribati
10%
Lithuania
10%
Moldova
10%
Monaco
10%
Mongolia
10%
Nauru
10%
Nicaragua
10%
Rwanda
10%
Sudan
10%
Suriname
10%
Syria
10%
United Arab Emirates
10%
Armenia
9%
Cameroon
9%
Equatorial Guinea
9%
Guatemala
9%
Guyana
9%
Indonesia
9%
Libya
9%
Marshall Islands
9%
St. Vincent and the Grenadines
9%
Benin
8%
Gambia
8%
Guinea
8%
Mali
8%
St. Kitts and Nevis
8%
Brunei
7%
El Salvador
7%
Republic of the Congo
6%
No matching quizzes found
Score Distribution
Percent of People with Each Score
Percentile by Number Answered
Your Score History
You have not taken this quiz